Vplyv autofretážneho tlaku na únavovú životnosť tlakovej nádoby

Salvato in:
Dettagli Bibliografici
Autore principale: Otépka, Stanislav (Autore)
Altri autori: Jančo, Roland (Relatore della tesi)
Natura: Manoscritto Libro
Lingua:slovacco
Pubblicazione: 2015
Soggetti:
Accesso online:http://is.stuba.sk/zp/portal_zp.pl?podrobnosti=98293
Tags: Aggiungi Tag
Nessun Tag, puoi essere il primo ad aggiungerne!!

MARC

LEADER 00000ntm a22000003a 4500
001 stuzp53086
003 SK-STU
005 20160719154356.9
007 ta
008 150427s2015----xo-----f-mn---000-0-slo-d
040 |a STU  |b slo 
041 0 |a slo 
100 1 |a Otépka, Stanislav  |u 020010  |4 aut  |U SjF Strojnícka fakulta  |T SjF Ústav aplikovanej mechaniky a mechatroniky  |X 68966  |U J0010  |Y 801  |7 A000068966 
242 0 1 |a Influence of Autofrettage Pressure to Fatigue Life of Pressure Vessel  |y eng 
245 1 0 |a Vplyv autofretážneho tlaku na únavovú životnosť tlakovej nádoby 
260 |c 2015 
650 4 |a norma ASME  |2 slo 
650 4 |a autofretáž  |2 slo 
650 4 |a statická pevnosť  |2 slo 
650 4 |a MKP  |2 slo 
650 4 |a únavová životnosť  |2 slo 
650 4 |a zvyškové napätia  |2 slo 
650 4 |a fatigue life  |2 eng 
650 4 |a autofrettage  |2 eng 
650 4 |a ASME  |2 eng 
650 4 |a static strength  |2 eng 
650 4 |a residual stress  |2 eng 
650 4 |a FEM  |2 eng 
700 1 |a Jančo, Roland  |4 ths  |X 2227  |7 A000002227 
856 4 |u http://is.stuba.sk/zp/portal_zp.pl?podrobnosti=98293 
SQL |a stuzp53086  |b DDP  |c SLO  |d Vplyv autofretážneho tlaku na únavovú životnosť tlakovej nádoby  |e 68966  |f Otépka, Stanislav  |g 020010  |h 2227  |i Jančo, Roland  |j 20150618  |k 49  |l 02  |m http://is.stuba.sk/zp/portal_zp.pl?podrobnosti=98293  |n I-APLM  |o 5.1.7. aplikovaná mechanika